000 00506nam a2200145Ia 4500
008 100122s9999 xx 000 0 und d
082 _b49755
_a412
100 _aधोंगडे रमेश
245 _aमराठी भाषा आणि शैली
260 _bनवसाहित्य बुक स्टॉल
_c1993
300 _a216
630 _aमराठी भाषा आणि शैली
730 _aमराठी भाषा आणि शैली
942 _cBOOK
999 _c427598
_d427595